000 00702nam a2200265Ia 4500
001 7753
005 20240113234032.0
007 ta
008 050712s1993 a g b000 u eng u
020 _a81-7041-753-8
040 _aCotton College,Assam
041 _aeng
082 _a574.87
_bRa 18 Re
100 _aRao, K.S. .
245 0 _aRecent Advances in Fresh-Water Biology Vol.I /
_cK.S. Rao.
_hTextual Documents
250 _a1st ed. /
260 _aNew Delhi :
_bAnmol Publications ,
_c1993.
300 _a322p. :
_bill ;
_c22cm .
653 _aZoology
653 _aFresh water biology
653 _aPG-Zoology
942 _2ddc
_cBK
999 _c7740
_d7740